Internet Environments for Science Education (Record no. 15672)

MARC details
000 -LEADER
fixed length control field 00451nam a22001457a 4500
008 - FIXED-LENGTH DATA ELEMENTS--GENERAL INFORMATION
fixed length control field 160212b xxu||||| |||| 00| 0 eng d
020 ## - INTERNATIONAL STANDARD BOOK NUMBER
International Standard Book Number 0805843027
245 ## - TITLE STATEMENT
Title Internet Environments for Science Education
300 ## - PHYSICAL DESCRIPTION
Extent xxviii, 412p.
Other physical details ill.
650 ## - SUBJECT ADDED ENTRY--TOPICAL TERM
Topical term or geographic name as entry element Science
Form subdivision Computer Network Resources
650 ## - SUBJECT ADDED ENTRY--TOPICAL TERM
Topical term or geographic name as entry element Science
Form subdivision Study and Teaching
700 ## - ADDED ENTRY--PERSONAL NAME
Personal name Elizabeth A. Davis
700 ## - ADDED ENTRY--PERSONAL NAME
Personal name Philip Bell
942 ## - ADDED ENTRY ELEMENTS (KOHA)
Source of classification or shelving scheme Library of Congress Classification
Koha item type General Collection
Classification part LB1585.7
Call number prefix .I58 2003 C.1
Holdings
Withdrawn status Lost status Source of classification or shelving scheme Not for loan Home library Current library Shelving location Date acquired Cost, normal purchase price Total Checkouts Full call number Barcode Date last seen Copy number Price effective from Koha item type
    Library of Congress Classification   Kabarak, Main Campus Kabarak, Main Campus General Stacks 12/02/2016 6.00   LB1585.7 .I58 2003 C.1 016927 12/02/2016 C.1 12/02/2016 General Collection
Designed with assistance from East African Informatics Ltd